000 00940nam a2200205Ii 4500
003 JO-AjNU
008 230605s9999||||xx |||||||||||||| ||und||
040 _aJO-AjNU
_bara
_erda
_cJO-AjNU
041 _aara
050 1 4 _aHF 5549 .5 .T7.T39 2007
100 3 _aتوفيق ،عبد الرحمن,
_eauthor
_932374
245 0 0 _aالتدريب عن بعد باستخدام الكمبيوتر والانترنت،5
250 _aط3
264 3 1 _aالقاهرة: مركز الخبرات المهنية للادارة -بميك،2007
300 _aج5، 462ص
_bيحتوي على ملاحق من ص 427-454ص،يحتوي على ببلوغرافية من ص455-462ص ،الجزء الخامس من موسوعة التدريب والتنمية
336 _atext
_btxt
_2rdacontent
337 _aunmediated
_bn
_2rdamedia
338 _avolume
_bnc
_2rdacarrier
650 4 _aالتنمية الادارية-التدريب-الانترنت
_932375
999 _aA13062
_c16630
_d16630